Entrepreneurship : (Record no. 1713)

MARC details
000 -LEADER
fixed length control field 01645cam a2200433 i 4500
001 - CONTROL NUMBER
control field data
005 - DATE AND TIME OF LATEST TRANSACTION
control field 20260322212114.0
008 - FIXED-LENGTH DATA ELEMENTS--GENERAL INFORMATION
fixed length control field data
035 ## - SYSTEM CONTROL NUMBER
System control number 17770302
010 ## - LIBRARY OF CONGRESS CONTROL NUMBER
LC control number 2013942448
015 ## - NATIONAL BIBLIOGRAPHY NUMBER
National bibliography number GBB381739
Source bnb
016 7# - NATIONAL BIBLIOGRAPHIC AGENCY CONTROL NUMBER
Record control number 016494047
Source Uk
020 ## - INTERNATIONAL STANDARD BOOK NUMBER
International Standard Book Number 9780199670543
Qualifying information pbk.
020 ## - INTERNATIONAL STANDARD BOOK NUMBER
International Standard Book Number 0199670544
Qualifying information pbk.
035 ## - SYSTEM CONTROL NUMBER
System control number (OCoLC)858310086
040 ## - CATALOGING SOURCE
Original cataloging agency UKMGB
Language of cataloging eng
Transcribing agency UKMGB
Modifying agency DLC
Description conventions rda
Modifying agency S8J
-- CHVBK
-- RST
-- DLC
042 ## - AUTHENTICATION CODE
Authentication code lccopycat
050 00 - LIBRARY OF CONGRESS CALL NUMBER
Classification number HB615
Item number .W472 2013
082 04 - DEWEY DECIMAL CLASSIFICATION NUMBER
Classification number 338.04
Edition information 23
100 1# - MAIN ENTRY--PERSONAL NAME
Personal name Westhead, Paul,
Dates associated with a name 1962-,
Relator term author.
245 10 - TITLE STATEMENT
Title Entrepreneurship :
Remainder of title a very short introduction /
Statement of responsibility, etc. Paul Westhead and Mike Wright.
250 ## - EDITION STATEMENT
Edition statement First Edition
264 #1 - PRODUCTION, PUBLICATION, DISTRIBUTION, MANUFACTURE, AND COPYRIGHT NOTICE
Place of production, publication, distribution, manufacture Oxford :
Name of producer, publisher, distributor, manufacturer Oxford University Press,
Date of production, publication, distribution, manufacture, or copyright notice 2013.
300 ## - PHYSICAL DESCRIPTION
Extent xviii, 154 pages :
Other physical details illustrations ;
Dimensions 18 cm.
336 ## - CONTENT TYPE
Content type term text
Content type code txt
Source rdacontent
337 ## - MEDIA TYPE
Media type term unmediated
Media type code n
Source rdamedia
338 ## - CARRIER TYPE
Carrier type term volume
Carrier type code nc
Source rdacarrier
490 1# - SERIES STATEMENT
Series statement Very short introductions ;
Volume/sequential designation 372
504 ## - BIBLIOGRAPHY, ETC. NOTE
Bibliography, etc. note Includes bibliographical references (pages 137-148) and index.
505 0# - FORMATTED CONTENTS NOTE
Formatted contents note The importance of entrepreneurship -- Discovering and creating opportunities -- Exploiting opportunities -- Entrepreneurs' context -- Entrepreneurial thinking and learning -- Forms of entrepreneurial venture -- The future.
650 #0 - SUBJECT ADDED ENTRY--TOPICAL TERM
Topical term or geographic name entry element Entrepreneurship.
650 #7 - SUBJECT ADDED ENTRY--TOPICAL TERM
Topical term or geographic name entry element Entrepreneurship.
Source of heading or term gnd
700 1# - ADDED ENTRY--PERSONAL NAME
Personal name Wright, Mike,
Dates associated with a name 1952-,
Relator term author.
830 #0 - SERIES ADDED ENTRY--UNIFORM TITLE
Uniform title Very short introductions ;
Volume/sequential designation 372.
906 ## - LOCAL DATA ELEMENT F, LDF (RLIN)
a 7
b cbc
c copycat
d 2
e ncip
f 20
g y-gencatlg
925 0# -
-- acquire
-- 1 shelf copies
-- policy default
Holdings
Withdrawn status Lost status Damaged status Not for loan Home library Current library Shelving location Date acquired Total checkouts Full call number Barcode Date last seen Price effective from Koha item type
        Springfield Springfield General stacks 22/03/2026   338.04 LOC-SPL-00056 22/03/2026 22/03/2026 Books